| 000 | 00632nam a2200205 4500 | ||
|---|---|---|---|
| 003 | OSt | ||
| 005 | 20240703021138.0 | ||
| 006 | a | ||
| 008 | 240703b |||||||| |||| 00| 0 eng d | ||
| 020 | _a9789710445233 | ||
| 040 |
_aDWCL-Main lib. _cOC |
||
| 082 | _aFil. 343.599 M311p 2007 | ||
| 100 | _aMaranan, Mario H. | ||
| 245 | _aPertinent laws on hospitality management (Tourism laws) / | ||
| 260 |
_aManila : _bMindshapers Co., Inc., _cc2007. |
||
| 300 |
_axxi, _b189 p. ; _c23 cm. |
||
| 504 | _aIncludes bibliographical references. | ||
| 650 | _a1. Hospitality industry-Law and legislation. | ||
| 942 |
_2ddc _n0 _cBK - FIL _kFil. |
||
| 999 |
_c1852 _d1852 |
||